Reliez 100 sportifs à la bonne proposition - Statistiques

Statistiques générales
  • Ce quiz a été pris 72 fois
  • Le résultat moyen est 25 sur 100
Statistiques - réponses
Hint Réponse % Correct
Roger Federer Tennisman qui a sorti Djokovic à l Open d Australie
83%
Sergio Ramos Footballeur à + de 17 cartons rouges en carrière pro
78%
Jo-Wilfried Tsonga Tennisman qui a sorti Djokovic à l Open d Australie
78%
Stan Wawrinka Tennisman qui a sorti Djokovic à l Open d Australie
77%
Martin Fourcade Biathlète + de 3 fois champion du monde en individuel
75%
Jannik Sinner Tennisman qui a sorti Djokovic à l Open d Australie
74%
Tom Brady Quarterback gagnant 5000 yards à la passe sur une saison en NFL
72%
Sébastien Loeb Pilote + d'1 fois champion du monde de rallye
71%
Jonny Wilkinson Rugbyman meilleur marqueur de point d'une coupe du monde
67%
Sébastien Ogier Pilote + d'1 fois champion du monde de rallye
64%
Richard Virenque Cycliste de Festina dans l affaire de dopage au tour de France 1998
58%
Johannes Thingnes Bø Biathlète + de 3 fois champion du monde en individuel
52%
Owen Farrell Rugbyman meilleur marqueur de point d'une coupe du monde
52%
Armel Le Cléac'h Skipper Vainqueur du Vendée Globe
52%
Felipe Melo Footballeur à + de 17 cartons rouges en carrière pro
51%
Ole Einar Bjørndalen Biathlète + de 3 fois champion du monde en individuel
49%
Asafa Powell Sprinteur dans le 100m du record du monde d Usain Bolt
49%
François Gabart Skipper Vainqueur du Vendée Globe
48%
Andy Roddick Tennisman qui a sorti Djokovic à l Open d Australie
48%
Marat Safin Tennisman qui a sorti Djokovic à l Open d Australie
46%
Carlos Sainz Pilote + d'1 fois champion du monde de rallye
45%
Christophe Moreau Cycliste de Festina dans l affaire de dopage au tour de France 1998
42%
Michel Desjoyeaux Skipper Vainqueur du Vendée Globe
39%
Handre Pollard Rugbyman meilleur marqueur de point d'une coupe du monde
36%
Emil Hegle Svendsen Biathlète + de 3 fois champion du monde en individuel
35%
Rafael Marquez Footballeur à + de 17 cartons rouges en carrière pro
35%
Gary Medel Footballeur à + de 17 cartons rouges en carrière pro
33%
Tyson Gay Sprinteur dans le 100m du record du monde d Usain Bolt
33%
Laurent Brochard Cycliste de Festina dans l affaire de dopage au tour de France 1998
32%
Patrick Mahomes Quarterback gagnant 5000 yards à la passe sur une saison en NFL
32%
Raphaël Poirée Biathlète + de 3 fois champion du monde en individuel
30%
Tommi Mäkinen Pilote + d'1 fois champion du monde de rallye
29%
Kalle Rovanperä Pilote + d'1 fois champion du monde de rallye
29%
Peyton Manning Quarterback gagnant 5000 yards à la passe sur une saison en NFL
28%
Gonzalo Quesada Rugbyman meilleur marqueur de point d'une coupe du monde
28%
Vincent Riou Skipper Vainqueur du Vendée Globe
28%
Cyril Rool Footballeur à + de 17 cartons rouges en carrière pro
26%
Thierry Lacroix Rugbyman meilleur marqueur de point d'une coupe du monde
25%
Morné Steyn Rugbyman meilleur marqueur de point d'une coupe du monde
25%
Titouan Lamazou Skipper Vainqueur du Vendée Globe
22%
Daniel Bailey Sprinteur dans le 100m du record du monde d Usain Bolt
22%
Denis Istomin Tennisman qui a sorti Djokovic à l Open d Australie
22%
Alex Zülle Cycliste de Festina dans l affaire de dopage au tour de France 1998
19%
Laurent Dufaux Cycliste de Festina dans l affaire de dopage au tour de France 1998
19%
Jean-Michel Bazire Driver multiple vainqueur du prix d'Amérique
19%
Marcus Grönholm Pilote + d'1 fois champion du monde de rallye
19%
Yannick Bestaven Skipper Vainqueur du Vendée Globe
19%
Chung Hyeon Tennisman qui a sorti Djokovic à l Open d Australie
19%
Ali Baghouz Boxeur battu par Tony Yoka
17%
Didier Rous Cycliste de Festina dans l affaire de dopage au tour de France 1998
17%
Franck Nivard Driver multiple vainqueur du prix d'Amérique
17%
Juha Kankkunen Pilote + d'1 fois champion du monde de rallye
17%
Alain Gautier Skipper Vainqueur du Vendée Globe
16%
Richard Thompson Sprinteur dans le 100m du record du monde d Usain Bolt
16%
Dwain Chambers Sprinteur dans le 100m du record du monde d Usain Bolt
16%
Pascal Hervé Cycliste de Festina dans l affaire de dopage au tour de France 1998
14%
Jean-René Gougeon Driver multiple vainqueur du prix d'Amérique
14%
Drew Brees Quarterback gagnant 5000 yards à la passe sur une saison en NFL
14%
Joel Tambwe Djeko Boxeur battu par Tony Yoka
13%
Ben Roethlisberger Quarterback gagnant 5000 yards à la passe sur une saison en NFL
13%
Neil Stephens Cycliste de Festina dans l affaire de dopage au tour de France 1998
12%
Paolo Montero Footballeur à + de 17 cartons rouges en carrière pro
12%
Dan Marino Quarterback gagnant 5000 yards à la passe sur une saison en NFL
12%
Nicolás Sánchez Rugbyman meilleur marqueur de point d'une coupe du monde
12%
Ricco Gross Biathlète + de 3 fois champion du monde en individuel
10%
Alexander Dimitrenko Boxeur battu par Tony Yoka
10%
Johann Duhaupas Boxeur battu par Tony Yoka
10%
Jos Verbeeck Driver multiple vainqueur du prix d'Amérique
10%
Michel-Marcel Gougeon Driver multiple vainqueur du prix d'Amérique
10%
Jameis Winston Quarterback gagnant 5000 yards à la passe sur une saison en NFL
10%
Percy Montgomery Rugbyman meilleur marqueur de point d'une coupe du monde
10%
Valentino Capovilla Driver multiple vainqueur du prix d'Amérique
9%
Fernando Amorebieta Footballeur à + de 17 cartons rouges en carrière pro
9%
Marc Burns Sprinteur dans le 100m du record du monde d Usain Bolt
9%
Alexandre Finn Driver multiple vainqueur du prix d'Amérique
7%
Roger Céran-Maillard Driver multiple vainqueur du prix d'Amérique
7%
Matteo Contini Footballeur à + de 17 cartons rouges en carrière pro
7%
Burt Hatartynn Intrus
7%
Massimo Biasion Pilote + d'1 fois champion du monde de rallye
7%
Travis Clark Boxeur battu par Tony Yoka
6%
Jonathan Rice Boxeur battu par Tony Yoka
6%
Cyril Leonet Boxeur battu par Tony Yoka
6%
Armin Meier Cycliste de Festina dans l affaire de dopage au tour de France 1998
6%
Björn Goop Driver multiple vainqueur du prix d'Amérique
6%
Gérardo Bedoya Footballeur à + de 17 cartons rouges en carrière pro
6%
Christophe Auguin Skipper Vainqueur du Vendée Globe
6%
Mark Kirchner Biathlète + de 3 fois champion du monde en individuel
4%
David Allen Boxeur battu par Tony Yoka
4%
Walter Röhrl Pilote + d'1 fois champion du monde de rallye
4%
Grant Fox Rugbyman meilleur marqueur de point d'une coupe du monde
4%
Darvis Patton Sprinteur dans le 100m du record du monde d Usain Bolt
4%
Alexandre Tikhonov Biathlète + de 3 fois champion du monde en individuel
3%
Christian Hammer Boxeur battu par Tony Yoka
3%
Petar Milas Boxeur battu par Tony Yoka
3%
Charley Mills Driver multiple vainqueur du prix d'Amérique
3%
Frank Ullrich Biathlète + de 3 fois champion du monde en individuel
1%
Michael Wallisch Boxeur battu par Tony Yoka
1%
Alexis Ruano Footballeur à + de 17 cartons rouges en carrière pro
1%
Ralph Keyes Rugbyman meilleur marqueur de point d'une coupe du monde
1%
Paul Goldstein Tennisman qui a sorti Djokovic à l Open d Australie
0%
Aucun quiz correspondant
Distribution des résultats
% des personnes avec chaque résultat
Percentile par nombre de réponses
Votre historique - résultats
Vous n’avez pas pris ce quiz